000 01122nam a2200229Ii 4500
003 JO-AjNU
005 20240623125444.0
008 230605s9999||||xx |||||||||||||| ||und||
040 _aJO-AjNU
_bara
_erda
_cJO-AjNU
041 _aara
050 1 4 _aBF575.2012
100 3 _aاعداد علي محمد احمد فريحات؛ إشراف احمد يوسف قواسمة,
_eauthor
_956610
245 0 0 _aأثر عدد فئات تدريج الاستجابة لمقياس سمة القلق في خصائصه السيكومتري = The Effect of the Number of Response Categories of A Trait Anxiety Scale on the Psychometric Properties
260 _c2012
300 _a65 ورقه
336 _atext
_btxt
_2rdacontent
337 _aunmediated
_bn
_2rdamedia
338 _avolume
_bnc
_2rdacarrier
500 _aرسالة جامعية (ماجستير) جامعة جدارا (إربد، الأردن)، كلية العلوم التربوية ؛ قسم القياس والتقويم، 2012
650 4 _aالقلق(علم النفس) -- القياس النفسي -- الاختبارات النفسية
_956611
942 _2lcc
_cTHS
999 _c28886
_d28886